Riconosci lo Stadio del satellite - Quiz n°2 - Statistics

Statistiche generali
  • Questo quiz è stato fatto 11 volte
  • Il punteggio medio è 6 su 12
Statistiche sulle risposte
con Immagini Risposta % Corretto
Allianz Stadium - Torino
75%
Stadio Arechi - Salerno
75%
Stadio di Wembley - Londra
75%
Stadio Monumental Antonio Vespucio Liberti - Buenos Aires
75%
Etihad Stadium - Manchester
63%
Old Trafford - Manchester
50%
Stadio Artemio Franchi - Firenze
50%
Stadio da Luz - Lisbona
38%
Stadio Olimpico - Kiev
38%
St James' Park - Newcastle upon Tyne
38%
Emirates Stadium - Londra
25%
Stadio José Alvalade - Lisbona
25%
Nessun quiz corrispondente trovato
Distribuzione punteggi
Percentuale di utenti per punteggio
Percentile per numero di risposta
I tuoi punteggi nel tempo
Non hai fatto questo quiz